书目信息 |
| 题名: |
原子结构与原子光谱
|
|
| 作者: | 郑乐民 , 徐庚武 编著 | |
| 分册: | ||
| 出版信息: | 北京 北京大学出版社 1988.10 |
|
| 页数: | 300页 | |
| 开本: | 20厘米 | |
| 丛书名: | ||
| 单 册: | ||
| 中图分类: | O562.1 | |
| 科图分类: | ||
| 主题词: | 分子物理学 , 原子物理学 | |
| 电子资源: | ||
| ISBN: | 7-301-00284-X | |
| 000 | 00771nam0 2200265 45 | |
| 001 | 0189027716 | |
| 005 | 20040517111423.4 | |
| 010 | @a7-301-00284-X@dCNY3.60 | |
| 020 | @aCN@b89027716 | |
| 100 | @a19911017d1988 ek y0chiy0120 ea | |
| 101 | 0 | @achi |
| 102 | @aCN@b110000 | |
| 105 | @ay z 000yy | |
| 106 | @ar | |
| 200 | 10 | @a原子结构与原子光谱@Ayuan zi jie gou yu yuan zi guang pu@f郑乐民,徐庚武编著@Fzheng le min , xu geng wu bian zhu |
| 210 | @a北京@c北京大学出版社@d1988.10 | |
| 215 | @a300页@d20厘米 | |
| 300 | @a北京大学现代光学教程 | |
| 606 | 0 | @a分子物理学 |
| 606 | 0 | @a原子物理学 |
| 690 | @aO562.1 | |
| 701 | 0 | @a郑乐民@Azheng le min@4编著 |
| 701 | 0 | @a徐庚武@Axu geng wu@4编著 |
| 801 | 0 | @aCN@bNLC@c19911017 |
| 905 | @f3@b245379-381@dO562.1@e32 | |
| 原子结构与原子光谱/郑乐民,徐庚武编著.-北京:北京大学出版社,1988.10 |
| 300页;20厘米 |
| 北京大学现代光学教程 |
| ISBN 7-301-00284-X:CNY3.60 |
| ● |
| 相关链接 |
|
|
|
|
正题名:原子结构与原子光谱
索取号:O562.1/32
 
预约/预借
| 序号 | 登录号 | 条形码 | 馆藏地/架位号 | 状态 | 备注 |
| 1 | 0245379 | 001451529 | 第三借阅区/ [索取号:O562.1/32] | 在馆 | |
| 2 | 0245380 | 001451654 | 第三借阅区/ [索取号:O562.1/32] | 在馆 | |
| 3 | 0245381 | 001451510 | 第三借阅区/ [索取号:O562.1/32] | 在馆 | |
| 4 | 0245382 | 001938817 | 第三借阅区/ [索取号:O562.1/32] | 在馆 | |
| 5 | 0245383 | 001451618 | 第二样本阅览室/ [索取号:O562.1/32] | 在馆 |